000 00551nam a2200241 a 4500
001 nice12345678
003 IN_TiNIC
005 20260116011528.0
008 050524s1959 lona grp 000 0 eng
020 _a
_c508.8
082 0 0 _a234.1
_bWAT
100 _aWatson, Philip S
245 _aConcept of Grace
260 _aLondon
_bEpworth Press
_c1959
300 _a116p
500 _aincludes index and biblioraphy
505 2 _aIndex
650 _aGrace
700 1 _aWatson, Philip S
902 _bSRS
942 _cBK
999 _c2352
_d2352